The astounding astromaze / (Record no. 114723)
[ view plain ]
| 000 -LEADER | |
|---|---|
| fixed length control field | 00481nam a2200145 a 4500 |
| 005 - DATE AND TIME OF LATEST TRANSACTION | |
| control field | 20140414132110.0 |
| 008 - FIXED-LENGTH DATA ELEMENTS--GENERAL INFORMATION | |
| fixed length control field | 110514s19uu xx 00 eng d |
| 050 ## - LIBRARY OF CONGRESS CALL NUMBER | |
| Classification number | M 793.73 |
| Item number | H36 2003 |
| 100 ## - MAIN ENTRY--PERSONAL NAME | |
| Personal name | Heimann, Rolf. |
| 245 ## - TITLE STATEMENT | |
| Title | The astounding astromaze / |
| Statement of responsibility, etc | Rolf Heimann. |
| 260 ## - PUBLICATION, DISTRIBUTION, ETC. (IMPRINT) | |
| Place of publication, distribution, etc | Surry Hills, N.S.W. : Little Hare ; : |
| Name of publisher, distributor, etc | [London : Bounce!] [distributor] , |
| Date of publication, distribution, etc | 2003. |
| 650 ## - SUBJECT ADDED ENTRY--TOPICAL TERM | |
| Topical term or geographic name as entry element | Maze puzzles |
| General subdivision | Juvenile literature. |
| 650 ## - SUBJECT ADDED ENTRY--TOPICAL TERM | |
| Topical term or geographic name as entry element | Zodiac -- |
| General subdivision | Juvenile literature. |
| Withdrawn status | Lost status | Damaged status | Use restrictions | Home library | Current library | Shelving location | Date acquired | Source of acquisition | Cost, normal purchase price | Total Checkouts | Full call number | Barcode | Date last seen | Price effective from | Koha item type |
|---|---|---|---|---|---|---|---|---|---|---|---|---|---|---|---|
| Munich Library | Munich Library | Main Section | 05/14/2011 | 185.00 | M 793.73 H36 2003 | M6615 | 04/14/2014 | 04/14/2014 | Books |